[Event "Burjassot U2200 op 4th"]
[Site "Burjassot"]
[Date "2016.09.09"]
[Round "1.25"]
[White "Gimenez Sanchis, Jose Antonio"]
[Black "Izquierdo Castilla, Francisco An"]
[Result "1-0"]
[WhiteElo "1633"]
[BlackElo "1247"]
[PlyCount "83"]
[EventDate "2016.09.09"]
[EventType "swiss"]
[EventRounds "7"]
[EventCountry "ESP"]
[SourceTitle "EXT 2024"]
[Source "ChessBase"]
[SourceDate "2023.10.10"]
[SourceVersion "1"]
[SourceVersionDate "2023.10.10"]
[SourceQuality "1"]

1. d4 Nf6 2. c4 d6 3. Bf4 g6 4. e3 Bg7 5. Nf3 0-0 6. h3 Bf5 7. Be2 b6 8. 0-0 c5 9. Nc3 Qc8 10. dxc5 bxc5 11. Bd3 Bxh3 12. gxh3 Qxh3 13. Ng5 Qh4 14. Qf3 Ng4 15. Qg3 Qh5 16. Qh3 Qxh3 17. Nxh3 Nd7 18. Nd5 Bf6 19. Be2 Nge5 20. Nxf6+ exf6 21. Rad1 g5 22. Bxe5 Nxe5 23. Rxd6 Kg7 24. f4 Ng6 25. fxg5 Rfe8 26. gxf6+ Kg8 27. Kf2 Nh4 28. Bd3 Rad8 29. Rxd8 Rxd8 30. Ke2 a5 31. Rg1+ Kh8 32. Ng5 Rd7 33. Nxh7 Ng6 34. Bxg6 fxg6 35. Ng5 Rb7 36. b3 a4 37. Rf1 axb3 38. axb3 Rxb3 39. f7 Rb2+ 40. Kd3 Rb3+ 41. Ke4 Rb8 42. f8Q+ 1-0